[Event "BRA-ch Amateur U1800"]
[Site "Sao Paulo"]
[Date "2019.06.21"]
[Round "3"]
[White "Vieira, Paulo Cesar"]
[Black "Teramoto, Anderson"]
[Result "1-0"]
[WhiteElo "1794"]
[BlackElo "1674"]
[PlyCount "65"]
[EventDate "2019.06.20"]
[EventType "swiss"]
[EventRounds "7"]
[EventCountry "BRA"]
[SourceTitle "CBM 195 Extra"]
[Source "ChessBase"]
[SourceDate "2020.05.31"]
[SourceVersion "1"]
[SourceVersionDate "2020.05.31"]
[SourceQuality "1"]

1. e4 g6 2. d4 Bg7 3. Nc3 d6 4. Bc4 Nf6 5. f3 0-0 6. Nge2 c6 7. Be3 d5 8. Bb3 dxe4 9. fxe4 e6 10. Bg5 Qa5 11. Qd2 b5 12. 0-0 Nbd7 13. a3 Bb7 14. e5 Ng4 15. h3 Ngxe5 16. dxe5 Nxe5 17. Qf4 c5 18. Rad1 Qb6 19. Kh2 c4 20. Ba2 a5 21. Ng3 f6 22. Bh6 g5 23. Bxg5 fxg5 24. Qxg5 Bc6 25. Nce4 Ng6 26. c3 b4 27. Bb1 bxc3 28. bxc3 Bxc3 29. Nh5 Be5+ 30. Kh1 c3 31. Nef6+ Bxf6 32. Nxf6+ Kg7 33. Rd7+ 1-0

[Event "Serra CRXC 2nd"]
[Site "Serra"]
[Date "2018.07.21"]
[Round "3"]
[White "Santos Junior, Ailton Antonio"]
[Black "Vieira, Paulo Cesar"]
[Result "0-1"]
[WhiteElo "1915"]
[BlackElo "1809"]
[PlyCount "106"]
[EventDate "2018.07.19"]
[EventType "tourn"]
[EventRounds "5"]
[EventCountry "BRA"]
[SourceTitle "CBM 186 Extra"]
[Source "ChessBase"]
[SourceDate "2018.08.24"]
[SourceVersion "1"]
[SourceVersionDate "2018.08.24"]
[SourceQuality "1"]

1. d4 g6 2. Nf3 Bg7 3. Bf4 Nf6 4. e3 0-0 5. h3 d6 6. c3 Nc6 7. d5 Nb8 8. Qb3 Nbd7 9. c4 Nc5 10. Qd1 Nh5 11. Nc3 Nxf4 12. exf4 a5 13. Be2 e6 14. 0-0 exd5 15. cxd5 Bd7 16. Qd2 Qf6 17. Rfd1 Rfe8 18. Bf1 Ne4 19. Nxe4 Rxe4 20. Rac1 c5 21. dxc6 Bxc6 22. Qxd6 Rxf4 23. Qxf6 Bxf6 24. b3 a4 25. Bc4 Kg7 26. Ne1 axb3 27. Bxb3 Re8 28. Rc4 Ree4 29. Rxe4 Rxe4 30. Nc2 h5 31. Ne3 Ba4 32. Rd3 Bd4 33. g3 Bxe3 34. Rxe3 Rxe3 35. fxe3 Bxb3 36. axb3 Kf6 37. Kf2 Ke5 38. Kf3 g5 39. g4 h4 40. Kf2 Ke4 41. Ke2 f6 42. Kf2 b6 43. Ke2 Ke5 44. Kd2 f5 45. gxf5 Kxf5 46. Kd3 g4 47. e4+ Ke5 48. Ke3 gxh3 49. Kf3 h2 50. Kg2 Kxe4 51. Kxh2 Kd4 52. Kh3 Kc3 53. Kxh4 Kxb3 0-1

[Event "Serra CRXC 2nd"]
[Site "Serra"]
[Date "2018.07.21"]
[Round "2"]
[White "Vieira, Paulo Cesar"]
[Black "Torrezani, Eduardo de Moraes"]
[Result "0-1"]
[WhiteElo "1809"]
[BlackElo "1890"]
[PlyCount "61"]
[EventDate "2018.07.19"]
[EventType "tourn"]
[EventRounds "5"]
[EventCountry "BRA"]
[SourceTitle "CBM 186 Extra"]
[Source "ChessBase"]
[SourceDate "2018.08.24"]
[SourceVersion "1"]
[SourceVersionDate "2018.08.24"]
[SourceQuality "1"]

1. e4 c6 2. d4 d5 3. exd5 cxd5 4. c4 Nf6 5. Nc3 g6 6. Nf3 Bg7 7. Bg5 Ne4 8. Nxd5 Nxg5 9. Nxg5 e6 10. Nxf7 Kxf7 11. Qf3+ Bf6 12. Nc3 Qxd4 13. Rd1 Qe5+ 14. Be2 Qf5 15. Qe3 Qa5 16. 0-0 Bxc3 17. bxc3 Nc6 18. Bf3 Rd8 19. Bxc6 bxc6 20. Qf3+ Ke7 21. Qxc6 Rb8 22. Rfe1 Rxd1 23. Rxd1 Qb6 24. Qe4 Kf7 25. Qh4 h5 26. Qf4+ Kg7 27. Qe5+ Kh7 28. Qf6 Qc7 29. h4 e5 30. Rd6 Bf5 31. Qxe5 0-1

[Event "Serra CRXC 1st"]
[Site "Serra"]
[Date "2018.05.05"]
[Round "8"]
[White "Oliveira, Alberty Rogher"]
[Black "Vieira, Paulo Cesar"]
[Result "1/2-1/2"]
[WhiteElo "2088"]
[BlackElo "1837"]
[PlyCount "88"]
[EventDate "2018.04.20"]
[EventType "tourn"]
[EventRounds "10"]
[EventCountry "BRA"]
[SourceTitle "EXT 2019"]
[Source "ChessBase"]
[SourceDate "2018.10.10"]
[SourceVersion "1"]
[SourceVersionDate "2018.10.10"]
[SourceQuality "1"]

1. d4 g6 2. e4 Bg7 3. Bc4 d6 4. Nc3 Nf6 5. Nge2 0-0 6. f3 e5 7. Bg5 Qe8 8. dxe5 dxe5 9. Qd2 c6 10. 0-0 Be6 11. Bb3 Na6 12. Rad1 Bxb3 13. axb3 Rd8 14. Qe3 b6 15. Ra1 Nb4 16. Rfc1 Qd7 17. Ra4 c5 18. Bxf6 Bxf6 19. Rxb4 cxb4 20. Nd5 Qc6 21. Kh1 Kg7 22. c4 Qc5 23. Qd2 h6 24. Qe1 a5 25. Qg3 Rfe8 26. h4 h5 27. Qe1 Rd6 28. g3 Qc8 29. Kg2 Qd8 30. Ng1 g5 31. hxg5 Bxg5 32. Rc2 Rg6 33. Kh1 Rg8 34. Nh3 Be7 35. Nxe7 Qxe7 36. Rg2 Kf8 37. Kh2 Qd7 38. Nf2 Qd4 39. Nd1 Qd3 40. Ne3 Rg5 41. Rd2 Qxb3 42. Nf5 Rxf5 43. exf5 f6 44. Qe4 Qa4 1/2-1/2

[Event "Serra CRXC 1st"]
[Site "Serra"]
[Date "2018.05.04"]
[Round "6"]
[White "Souza, Antonio Inacio De"]
[Black "Vieira, Paulo Cesar"]
[Result "1-0"]
[WhiteElo "1822"]
[BlackElo "1837"]
[PlyCount "99"]
[EventDate "2018.04.20"]
[EventType "tourn"]
[EventRounds "10"]
[EventCountry "BRA"]
[SourceTitle "EXT 2019"]
[Source "ChessBase"]
[SourceDate "2018.10.10"]
[SourceVersion "1"]
[SourceVersionDate "2018.10.10"]
[SourceQuality "1"]

1. d4 g6 2. Nf3 Bg7 3. Bf4 Nf6 4. e3 0-0 5. Nbd2 d6 6. h3 Nc6 7. c3 Nd7 8. Be2 e5 9. dxe5 Ndxe5 10. Bg5 Qe8 11. 0-0 Be6 12. Nd4 Bd7 13. N2f3 Nxf3+ 14. Bxf3 Ne5 15. Be2 Rb8 16. a4 a6 17. Qc2 c5 18. Nf3 Bc6 19. Nxe5 Qxe5 20. Bf4 Qe7 21. Rfd1 Rbd8 22. a5 Rfe8 23. Rd2 Be5 24. Bxe5 Qxe5 25. Qd1 Be4 26. Bf3 Re6 27. Bxe4 Qxe4 28. Ra4 Qc6 29. Rd5 b5 30. Rf4 Rde8 31. b4 cxb4 32. cxb4 Rc8 33. Qf3 Re5 34. Rfd4 Rxd5 35. Rxd5 Re8 36. Qd1 Re6 37. g4 Kf8 38. Qd4 f6 39. e4 Kf7 40. Kg2 Qc2 41. Rxd6 Qxe4+ 42. Qxe4 Rxe4 43. Rxa6 Rxb4 44. Ra7+ Ke6 45. a6 Ra4 46. Ra8 Kf7 47. a7 Kg7 48. Kf3 b4 49. Ke3 b3 50. Kd2 1-0

[Event "Serra CRXC 1st"]
[Site "Serra"]
[Date "2018.04.20"]
[Round "1"]
[White "Vieira, Paulo Cesar"]
[Black "Souza, Antonio Inacio De"]
[Result "0-1"]
[WhiteElo "1837"]
[BlackElo "1822"]
[PlyCount "58"]
[EventDate "2018.04.20"]
[EventType "tourn"]
[EventRounds "10"]
[EventCountry "BRA"]
[SourceTitle "EXT 2019"]
[Source "ChessBase"]
[SourceDate "2018.10.10"]
[SourceVersion "1"]
[SourceVersionDate "2018.10.10"]
[SourceQuality "1"]

1. e4 e6 2. d3 d5 3. Nd2 Nd7 4. Ngf3 c5 5. g3 g6 6. Bg2 Bg7 7. 0-0 Ne7 8. Re1 0-0 9. Qe2 Re8 10. c3 Rb8 11. e5 Nc6 12. d4 cxd4 13. cxd4 f6 14. exf6 Nxf6 15. Nb3 Ne4 16. Bf4 Ra8 17. Rac1 Qb6 18. Qe3 e5 19. Nxe5 Nxe5 20. Bxe4 dxe4 21. Qxe4 Bf5 22. Qg2 Nd3 23. Rxe8+ Rxe8 24. Rf1 Nxf4 25. gxf4 Be4 26. Qg4 Qc6 27. Rc1 Qe6 28. Qg3 Bd5 29. Nc5 Qe1+ 0-1

[Event "BRA-ch Amateur U2000"]
[Site "Sao Paulo"]
[Date "2017.10.14"]
[Round "5"]
[White "Desideri, Ricardo Maruchi"]
[Black "Vieira, Paulo Cesar"]
[Result "1-0"]
[WhiteElo "1927"]
[BlackElo "1834"]
[PlyCount "83"]
[EventDate "2017.10.12"]
[EventType "swiss"]
[EventRounds "7"]
[EventCountry "BRA"]
[SourceTitle "EXT 2019"]
[Source "ChessBase"]
[SourceDate "2018.10.10"]
[SourceVersion "1"]
[SourceVersionDate "2018.10.10"]
[SourceQuality "1"]

1. e4 c5 2. Nf3 Nc6 3. Nc3 d6 4. d4 cxd4 5. Nxd4 Nf6 6. Bg5 e6 7. Qd2 Be7 8. 0-0-0 0-0 9. h4 Qb6 10. Ndb5 Rd8 11. f3 a6 12. Be3 Qa5 13. Nd4 Nxd4 14. Bxd4 b5 15. Kb1 e5 16. Be3 Rb8 17. g4 b4 18. Nd5 Nxd5 19. exd5 Qc7 20. Bd3 Rf8 21. Rdg1 a5 22. g5 f5 23. gxf6 Bxf6 24. h5 Kh8 25. Bg6 Rg8 26. Bxh7 Kxh7 27. Qd3+ Kh8 28. Qg6 Bf5 29. Qxf5 Qf7 30. Qg6 Rgf8 31. Qe4 Be7 32. Qg4 Qf6 33. h6 g6 34. h7 Qf5 35. Qxg6 Qxg6 36. Rxg6 Rxf3 37. Rhg1 Rff8 38. Bh6 Rfe8 39. Bg7+ Kxh7 40. Rh6+ Kg8 41. Bxe5+ Kf7 42. Rg7+ 1-0

[Event "BRA-ch Amateur U2000"]
[Site "Sao Paulo"]
[Date "2017.10.12"]
[Round "1"]
[White "Vieira, Paulo Cesar"]
[Black "Reinaldo Dos Santos, Julio"]
[Result "0-1"]
[WhiteElo "1834"]
[BlackElo "1946"]
[PlyCount "128"]
[EventDate "2017.10.12"]
[EventType "swiss"]
[EventRounds "7"]
[EventCountry "BRA"]
[SourceTitle "EXT 2022"]
[Source "ChessBase"]
[SourceDate "2021.10.06"]
[SourceVersion "1"]
[SourceVersionDate "2021.10.06"]
[SourceQuality "1"]

1. e4 d6 2. d3 g6 3. Nc3 Bg7 4. g3 Nf6 5. Bg2 c6 6. f4 e5 7. fxe5 dxe5 8. Nf3 0-0 9. 0-0 h6 10. h3 Nh5 11. Kh2 f5 12. exf5 gxf5 13. Be3 f4 14. gxf4 Nxf4 15. Qd2 Be6 16. Rae1 Qc7 17. Ne4 Qc8 18. Ng1 Nd7 19. Rf3 Nf6 20. Nxf6+ Rxf6 21. Bxf4 exf4 22. Kh1 Qc7 23. Ne2 Bd5 24. Rxf4 Bxg2+ 25. Kxg2 Raf8 26. Ref1 Rxf4 27. Rxf4 Rxf4 28. Qxf4 Qxf4 29. Nxf4 Bxb2 30. Kf3 Kf7 31. Ke4 Kf6 32. d4 Bc3 33. Ne2 Ba5 34. c4 Kg5 35. Kf3 Bc7 36. a4 Kf5 37. Nc3 b6 38. Ne4 a6 39. Nf2 Bd6 40. Ng4 Bf8 41. Ne5 c5 42. Nd7 Bd6 43. dxc5 bxc5 44. Nb6 Ke5 45. Ke3 Be7 46. Nd5 Bg5+ 47. Kd3 Bd8 48. Ne3 Kf4 49. Ke2 h5 50. Kf2 Bh4+ 51. Ke2 Kg3 52. Nf5+ Kxh3 53. Kf3 Bf6 54. Ng3 Kh4 55. Ne4 Be7 56. Nc3 Kg5 57. Nd5 Bd8 58. Nc3 Kf5 59. Ne4 Be7 60. Ng3+ Kg5 61. Ne4+ Kg6 62. Nc3 Kf5 63. Nd5 Bd8 64. Ne3+ Ke5 0-1

[Event "Espirito Santo-ch"]
[Site "Vitoria"]
[Date "2016.11.??"]
[Round "2"]
[White "Souza, Antonio Inacio De"]
[Black "Vieira, Paulo Cesar"]
[Result "1-0"]
[WhiteElo "1822"]
[BlackElo "1846"]
[PlyCount "87"]
[EventDate "2016.11.18"]
[EventType "swiss"]
[EventRounds "5"]
[EventCountry "BRA"]
[SourceTitle "EXT 2022"]
[Source "ChessBase"]
[SourceDate "2021.10.06"]
[SourceVersion "1"]
[SourceVersionDate "2021.10.06"]
[SourceQuality "1"]

1. d4 Nf6 2. c4 g6 3. g3 Bg7 4. Bg2 0-0 5. Nc3 d6 6. Nf3 Nc6 7. 0-0 Bg4 8. h3 Bf5 9. Nh4 Bd7 10. e4 e5 11. d5 Nd4 12. Bg5 c5 13. dxc6 bxc6 14. Nf3 c5 15. Nxd4 cxd4 16. Nd5 Be6 17. Qf3 Bxd5 18. cxd5 h6 19. Bxf6 Qxf6 20. Qxf6 Bxf6 21. Rfc1 Rfc8 22. Rc6 Rxc6 23. dxc6 Rc8 24. Rc1 Bg5 25. Rc4 Bd2 26. h4 Kf8 27. b4 Ke7 28. c7 f5 29. exf5 gxf5 30. Bb7 Kd7 31. Bxc8+ Kxc8 32. Kf1 f4 33. Ke2 d5 34. Rc2 Bc3 35. g4 Bxb4 36. g5 hxg5 37. hxg5 e4 38. Kd1 e3 39. fxe3 d3 40. Rd2 fxe3 41. Rxd3 Kxc7 42. Rxd5 Be7 43. g6 Bf6 44. Rf5 1-0

[Event "Pan American Amateur-ch"]
[Site "Curitiba"]
[Date "2015.12.17"]
[Round "4"]
[White "Colaco, Willian Wagner Soar"]
[Black "Vieira, Paulo Cesar"]
[Result "0-1"]
[WhiteElo "1615"]
[BlackElo "1878"]
[PlyCount "80"]
[EventDate "2015.12.16"]
[EventType "swiss"]
[EventRounds "9"]
[EventCountry "BRA"]
[SourceTitle "CBM 170 Extra"]
[Source "ChessBase"]
[SourceDate "2016.02.25"]
[SourceVersion "1"]
[SourceVersionDate "2016.02.25"]
[SourceQuality "1"]

1. d4 Nf6 2. Nf3 g6 3. c4 Bg7 4. Bg5 h6 5. Bh4 0-0 6. Nc3 d6 7. e3 Nbd7 8. Bd3 c5 9. d5 a6 10. a4 Rb8 11. 0-0 g5 12. Bg3 Nh5 13. Nd2 Nxg3 14. hxg3 Ne5 15. Be2 Bf5 16. Nf3 Bg6 17. Nxe5 Bxe5 18. Bd3 Bxd3 19. Qxd3 Qd7 20. f4 Bxc3 21. Qxc3 Qg4 22. e4 f6 23. Qf3 Qxf3 24. Rxf3 b5 25. axb5 axb5 26. b3 bxc4 27. bxc4 Rb4 28. Rc3 Rfb8 29. Kf2 g4 30. Rac1 Rb2+ 31. R1c2 R8b3 32. Rxb2 Rxc3 33. Rb7 Kf7 34. f5 Rxc4 35. Ke3 Rc2 36. Kf4 h5 37. Rb8 Rxg2 38. Rh8 Rh2 39. Ke3 Rg2 40. Rxh5 Rxg3+ 0-1

[Event "Guarapari Aberta do Estadual"]
[Site "Guarapari"]
[Date "2015.08.29"]
[Round "4.6"]
[White "Torrezani, Eduardo de Moraes"]
[Black "Vieira, Paulo Cesar"]
[Result "1-0"]
[WhiteElo "1892"]
[BlackElo "1868"]
[PlyCount "98"]
[EventDate "2015.08.28"]
[EventType "swiss"]
[EventRounds "6"]
[EventCountry "BRA"]
[SourceTitle "EXT 2022"]
[Source "ChessBase"]
[SourceDate "2021.10.06"]
[SourceVersion "1"]
[SourceVersionDate "2021.10.06"]
[SourceQuality "1"]

1. d4 Nf6 2. c4 g6 3. Nc3 Bg7 4. Bg5 h6 5. Bh4 0-0 6. Nf3 d6 7. e3 Nbd7 8. Be2 c5 9. d5 a6 10. 0-0 g5 11. Bg3 Nh5 12. Qc2 Nxg3 13. fxg3 Nf6 14. Nd2 e5 15. e4 Bd7 16. Nd1 b5 17. b3 b4 18. Ne3 a5 19. Qd1 a4 20. Rc1 axb3 21. axb3 Ra2 22. Rc2 Qa5 23. Qb1 Ra8 24. Rxa2 Qxa2 25. Qc2 Qxc2 26. Nxc2 Ra2 27. Bd3 Bg4 28. Ra1 Rxa1+ 29. Nxa1 Bd1 30. h3 g4 31. h4 Nh5 32. Kf2 f5 33. Ke1 Bxb3 34. Naxb3 Nxg3 35. exf5 Bf6 36. Ne4 Bxh4 37. Nxg3 Bxg3+ 38. Ke2 Bh4 39. Nd2 Kf7 40. Ne4 Ke7 41. g3 Bf6 42. Nxf6 Kxf6 43. Be4 Kg5 44. Kd2 h5 45. Kc2 Kf6 46. Kb3 Ke7 47. Ka4 Kf6 48. Kb5 Kf7 49. Kc6 b3 1-0

[Event "Espirito Santo-ch"]
[Site "Vitoria"]
[Date "2014.10.11"]
[Round "4"]
[White "Vieira, Paulo Cesar"]
[Black "Junior, Jairo Schieffelbein"]
[Result "1-0"]
[WhiteElo "1884"]
[BlackElo "1767"]
[PlyCount "45"]
[EventDate "2014.10.09"]
[EventType "swiss"]
[EventRounds "6"]
[EventCountry "BRA"]
[SourceTitle "EXT 2022"]
[Source "ChessBase"]
[SourceDate "2021.10.06"]
[SourceVersion "1"]
[SourceVersionDate "2021.10.06"]
[SourceQuality "1"]

1. e4 c6 2. d4 d5 3. exd5 cxd5 4. c4 Bf5 5. Nc3 Nf6 6. Nf3 e6 7. c5 Nc6 8. Bb5 Ne4 9. Qa4 Qc7 10. Nxe4 Bxe4 11. Ne5 Bxg2 12. Rg1 f6 13. Nxc6 Qxh2 14. Na5+ Kf7 15. Rxg2 Qxg2 16. Nxb7 a5 17. Be3 Rb8 18. Bf1 Qe4 19. Qd7+ Kg6 20. 0-0-0 Qf3 21. Bd3+ Kh5 22. Kd2 g6 23. Be2 1-0

[Event "Serra IRT 4th"]
[Site "Serra"]
[Date "2014.08.27"]
[Round "11"]
[White "Vieira, Paulo Cesar"]
[Black "Cantarino Neto, Mario Ribeiro"]
[Result "0-1"]
[WhiteElo "1863"]
[BlackElo "2116"]
[PlyCount "60"]
[EventDate "2014.08.23"]
[EventType "tourn"]
[EventRounds "18"]
[EventCountry "BRA"]
[SourceTitle "EXT 2018"]
[Source "ChessBase"]
[SourceDate "2017.10.13"]
[SourceVersion "1"]
[SourceVersionDate "2017.10.13"]
[SourceQuality "1"]

1. e4 e5 2. Nf3 Nc6 3. Bc4 Nf6 4. d4 exd4 5. 0-0 Bc5 6. e5 d5 7. exf6 dxc4 8. Re1+ Be6 9. Ng5 Qd5 10. Nc3 Qf5 11. Nce4 0-0-0 12. g4 Qe5 13. Nxe6 fxe6 14. fxg7 Rhg8 15. Bg5 Be7 16. f4 Qxg7 17. h4 h6 18. Bxe7 Qxg4+ 19. Qxg4 Rxg4+ 20. Kh2 Nxe7 21. Nf6 Rxh4+ 22. Kg2 Rxf4 23. Rxe6 Rf8 24. Rae1 R8xf6 25. Rxe7 Rg6+ 26. Kh3 b6 27. Rh7 Rf3+ 28. Kh4 Rf2 29. Kh3 Rxc2 30. Ree7 Rc6 0-1

[Event "Serra IRT 4th"]
[Site "Serra"]
[Date "2014.08.24"]
[Round "5"]
[White "Vieira, Paulo Cesar"]
[Black "Torrezani, Eduardo de Moraes"]
[Result "1-0"]
[WhiteElo "1863"]
[BlackElo "1936"]
[PlyCount "56"]
[EventDate "2014.08.23"]
[EventType "tourn"]
[EventRounds "18"]
[EventCountry "BRA"]
[SourceTitle "EXT 2018"]
[Source "ChessBase"]
[SourceDate "2017.10.13"]
[SourceVersion "1"]
[SourceVersionDate "2017.10.13"]
[SourceQuality "1"]

1. Nf3 d5 2. g3 Nf6 3. Bg2 g6 4. 0-0 Bg7 5. d4 0-0 6. c3 c6 7. Nbd2 Na6 8. Ne5 Ng4 9. Ndf3 Nxe5 10. Nxe5 f6 11. Nd3 e5 12. dxe5 fxe5 13. e4 d4 14. cxd4 exd4 15. Bf4 Be6 16. Qd2 Qb6 17. b3 Rad8 18. Rac1 c5 19. Rc2 Rc8 20. Re1 Rfd8 21. Bg5 Rd7 22. Nf4 h6 23. Nxe6 hxg5 24. Nxg7 Rxg7 25. Qxg5 Qa5 26. Bf1 b6 27. Qf6 Rf8 28. Bc4+ Kh8 1-0

[Event "Serra IRT 4th"]
[Site "Serra"]
[Date "2014.08.23"]
[Round "2"]
[White "Cantarino Neto, Mario Ribeiro"]
[Black "Vieira, Paulo Cesar"]
[Result "1-0"]
[WhiteElo "2116"]
[BlackElo "1863"]
[PlyCount "38"]
[EventDate "2014.08.23"]
[EventType "tourn"]
[EventRounds "18"]
[EventCountry "BRA"]
[SourceTitle "EXT 2018"]
[Source "ChessBase"]
[SourceDate "2017.10.13"]
[SourceVersion "1"]
[SourceVersionDate "2017.10.13"]
[SourceQuality "1"]

1. d4 g6 2. e4 Bg7 3. Nc3 d6 4. Nf3 Nf6 5. Be2 0-0 6. 0-0 e5 7. dxe5 dxe5 8. Nxe5 Nxe4 9. Nxe4 Bxe5 10. Bg5 Qxd1 11. Raxd1 Nc6 12. c3 Be6 13. f4 Bg7 14. Nf6+ Bxf6 15. Bxf6 Nd8 16. f5 Bxa2 17. Rd2 Bb3 18. Rf4 a5 19. Bf3 c6 1-0

[Event "Votoria Cup 2nd"]
[Site "Vitoria"]
[Date "2014.03.22"]
[Round "5"]
[White "Vieira, Paulo Cesar"]
[Black "Alves, Alessandro Cunha"]
[Result "0-1"]
[WhiteElo "1900"]
[BlackElo "1815"]
[PlyCount "118"]
[EventDate "2014.03.20"]
[EventType "swiss"]
[EventRounds "7"]
[EventCountry "BRA"]
[SourceTitle "CBM 159 Extra"]
[Source "ChessBase"]
[SourceDate "2014.04.24"]
[SourceVersion "1"]
[SourceVersionDate "2014.04.24"]
[SourceQuality "1"]

1. Nf3 d6 2. g3 g6 3. Bg2 Bg7 4. 0-0 c5 5. e4 Nc6 6. d3 e6 7. Nc3 Nge7 8. Be3 Nd4 9. Qd2 0-0 10. Ne1 Nec6 11. Nd1 Ne5 12. h3 Rb8 13. c3 Nb5 14. Bh6 b6 15. Bxg7 Kxg7 16. f4 Nd7 17. Ne3 Bb7 18. f5 Nf6 19. g4 exf5 20. gxf5 g5 21. Nf3 h6 22. Rf2 Nh5 23. Ng4 f6 24. Re1 Nf4 25. a4 Nc7 26. Rff1 Ba6 27. Re3 Ne8 28. Rfe1 Kh7 29. d4 Ng7 30. Qc2 h5 31. Nf2 h4 32. Ng4 Bc8 33. Bf1 Kh8 34. Nfh2 Ngh5 35. Nh6 Kg7 36. N6g4 Ng3 37. Bg2 Bd7 38. Nf1 Nfh5 39. Nd2 Rc8 40. Nf3 Nf4 41. b3 Rc7 42. Qd2 Be8 43. dxc5 bxc5 44. Rd1 Rd7 45. c4 Bh5 46. Nf2 Re8 47. Rde1 Ree7 48. Nd3 Bxf3 49. Rxf3 Nxe4 50. Qd1 Nxd3 51. Rxd3 Ng3 52. Re6 Nxf5 53. Rxe7+ Qxe7 54. Bc6 Rd8 55. Qf3 Nd4 56. Qg2 Qe1+ 57. Kh2 Qe5+ 58. Kg1 Ne2+ 59. Kf2 Nf4 0-1

[Event "BRA-ch Amateur"]
[Site "Sao Paulo"]
[Date "2014.03.04"]
[Round "7"]
[White "Vieira, Paulo Cesar"]
[Black "Schucman, Rebeca Lot"]
[Result "1/2-1/2"]
[WhiteElo "1900"]
[BlackElo "1657"]
[PlyCount "69"]
[EventDate "2014.03.01"]
[EventType "swiss"]
[EventRounds "7"]
[EventCountry "BRA"]
[SourceTitle "EXT 2016"]
[Source "ChessBase"]
[SourceDate "2015.10.08"]
[SourceVersion "1"]
[SourceVersionDate "2015.10.08"]
[SourceQuality "1"]

1. e4 c5 2. Nc3 g6 3. g3 Bg7 4. Bg2 Nc6 5. d3 d6 6. f4 e6 7. Nf3 Nge7 8. 0-0 0-0 9. Be3 Nd4 10. Qd2 f5 11. Nd1 Qc7 12. c3 Nxf3+ 13. Bxf3 e5 14. Nf2 Be6 15. b3 d5 16. exf5 Nxf5 17. fxe5 Nxg3 18. Bxd5 Bxd5 19. hxg3 Bxe5 20. Ng4 Bxg3 21. c4 Bf3 22. Nh6+ Kg7 23. d4 Rae8 24. Ng4 Bxg4 25. Bh6+ Kg8 26. Rxf8+ Rxf8 27. Bxf8 Bf4 28. Qg2 Be3+ 29. Kh1 Kxf8 30. Qxg4 Bxd4 31. Rf1+ Kg7 32. Qf3 Qe7 33. Kg2 Qg5+ 34. Kh3 Qh6+ 35. Kg2 1/2-1/2

[Event "BRA-ch Amateur"]
[Site "Sao Paulo"]
[Date "2014.03.03"]
[Round "6"]
[White "Frois, Vitor Amorim"]
[Black "Vieira, Paulo Cesar"]
[Result "1-0"]
[WhiteElo "1642"]
[BlackElo "1900"]
[PlyCount "60"]
[EventDate "2014.03.01"]
[EventType "swiss"]
[EventRounds "7"]
[EventCountry "BRA"]
[SourceTitle "EXT 2016"]
[Source "ChessBase"]
[SourceDate "2015.10.08"]
[SourceVersion "1"]
[SourceVersionDate "2015.10.08"]
[SourceQuality "1"]

1. e4 c5 2. Nf3 Nc6 3. d4 cxd4 4. Nxd4 Nf6 5. Nc3 e5 6. Nxc6 bxc6 7. Bc4 Bb4 8. 0-0 Bxc3 9. bxc3 Nxe4 10. Ba3 d5 11. Bd3 Nf6 12. Re1 e4 13. f3 Bf5 14. c4 Qb6+ 15. Kh1 0-0-0 16. Be2 exf3 17. Bxf3 Ne4 18. Bxe4 Bxe4 19. Rb1 Qf2 20. Rxe4 dxe4 21. Qg4+ f5 22. Qxg7 Qb6 23. Qa1 Qc7 24. Bb2 Rhe8 25. Bf6 Rd2 26. Bg5 e3 27. Re1 f4 28. Qf6 Qe5 29. Qxc6+ Qc7 30. Qxe8+ Rd8 1-0

[Event "BRA-ch Amateur"]
[Site "Sao Paulo"]
[Date "2014.03.03"]
[Round "5"]
[White "Vieira, Paulo Cesar"]
[Black "Saito, Vinicius Ikezu"]
[Result "0-1"]
[WhiteElo "1900"]
[BlackElo "2080"]
[PlyCount "94"]
[EventDate "2014.03.01"]
[EventType "swiss"]
[EventRounds "7"]
[EventCountry "BRA"]
[SourceTitle "EXT 2016"]
[Source "ChessBase"]
[SourceDate "2015.10.08"]
[SourceVersion "1"]
[SourceVersionDate "2015.10.08"]
[SourceQuality "1"]

1. Nf3 c5 2. g3 Nc6 3. Bg2 d5 4. 0-0 e5 5. d3 f6 6. e4 d4 7. Nbd2 Be6 8. a4 Qd7 9. Nc4 Nge7 10. Ne1 0-0-0 11. f4 h6 12. f5 Bf7 13. Bd2 Kb8 14. a5 Nc8 15. b3 Nd6 16. Nf3 Nb5 17. Qe1 Bd6 18. g4 Nb4 19. Qb1 Nc7 20. h4 Nca6 21. g5 Bc7 22. Qb2 Nc6 23. Ra3 Nab4 24. Rfa1 Rhe8 25. Ne1 Re7 26. Bf1 Rc8 27. Be2 Qd8 28. Bxb4 cxb4 29. Ra4 Be8 30. Nf3 Bd6 31. Nfd2 Bc5 32. Nb6 axb6 33. axb6 Bxb6 34. Nc4 Bc5 35. Qa2 Kc7 36. Ra5 Bd6 37. Nxd6 Rb8 38. Rd5 Rd7 39. Nb5+ Kb6 40. Nxd4 exd4 41. Ra5 Qe7 42. Qa4 Kc7 43. Rb5 Kc8 44. Bf3 Ne5 45. Kg2 Rc7 46. Ra2 Bxb5 47. Qxb5 Kd8 0-1

[Event "BRA-ch Amateur"]
[Site "Sao Paulo"]
[Date "2014.03.02"]
[Round "4"]
[White "Dias, Matheus Nunes"]
[Black "Vieira, Paulo Cesar"]
[Result "0-1"]
[WhiteElo "1620"]
[BlackElo "1900"]
[PlyCount "58"]
[EventDate "2014.03.01"]
[EventType "swiss"]
[EventRounds "7"]
[EventCountry "BRA"]
[SourceTitle "EXT 2016"]
[Source "ChessBase"]
[SourceDate "2015.10.08"]
[SourceVersion "1"]
[SourceVersionDate "2015.10.08"]
[SourceQuality "1"]

1. d4 Nf6 2. Nf3 g6 3. c4 Bg7 4. Nc3 0-0 5. e4 d6 6. Be2 e5 7. d5 Nbd7 8. 0-0 Nc5 9. Qc2 a5 10. Bd2 Ne8 11. a3 a4 12. Ne1 f5 13. f3 f4 14. g4 h5 15. h3 Qh4 16. Rf2 Kf7 17. Rh2 Rh8 18. Ng2 Qe7 19. Rf1 Bd7 20. Rf2 Bf6 21. Qb1 Ng7 22. Bd1 hxg4 23. hxg4 Rxh2 24. Kxh2 Rh8+ 25. Kg1 Bh4 26. Nxh4 Qxh4 27. Rg2 Ne8 28. b4 axb3 29. Bxb3 Qh1+ 0-1